[Event "14th EUR-ch"]
[Site "Legnica POL"]
[Date "2013.05.05"]
[Round "1"]
[White "Tomashevsky, Evgeny"]
[Black "Michiels, Bart"]
[Result "1-0"]
[WhiteElo "2719"]
[BlackElo "2505"]
[EventDate "2013.05.05"]
[PlyCount "63"]

1.d4 Nf6 2.c4 e6 3.Nc3 Bb4 4.e3 O-O 5.Bd3 c5 6.Nf3 Nc6 7.O-O Bxc3 8.bxc3 
d6 9.e4 e5 10.d5 Ne7 11.Nh4 h6 12.Qf3 Ng6 13.Nf5 Bxf5 14.Qxf5 Nh4 15.Qh3 
Ng6 16.Qf3 Nh4 17.Qe2 Ng6 18.g3 Re8 19.a4 Qa5 20.Bd2 Re7 21.f3 Rae8 22.Qg2
Kh8 23.Kh1 Nf8 24.Rg1 N6h7 25.f4 exf4 26.gxf4 f6 27.e5 fxe5 28.fxe5 dxe5 
29.Bxh6 g5 30.Bxg5 Nxg5 31.Qxg5 Nh7 32.Bxh7 1-0

[Event "14th EUR-ch"]
[Site "Legnica POL"]
[Date "2013.05.05"]
[Round "1"]
[White "Nepomnyaschy, Yan"]
[Black "Holzke, Frank"]
[Result "1-0"]
[WhiteElo "2710"]
[BlackElo "2499"]
[EventDate "2013.05.05"]
[PlyCount "73"]

1.c4 c5 2.Nf3 Nf6 3.Nc3 Nc6 4.d4 cxd4 5.Nxd4 e6 6.a3 Be7 7.e4 O-O 8.Nf3 
Qc7 9.Be2 b6 10.O-O Bb7 11.Bg5 Rad8 12.Re1 Qb8 13.Bf1 Ng4 14.Bxe7 Nxe7 15.
h3 Ne5 16.Nxe5 Qxe5 17.Qd2 f5 18.exf5 Qxf5 19.Nb5 Nc8 20.Rad1 a6 21.Nc3 
Ne7 22.Qe3 Bc6 23.Qxb6 Ng6 24.Qe3 Nh4 25.Qg3 Qh5 26.Re5 Nf5 27.Qg4 Qf7 28.
c5 Ne3 29.fxe3 Qf2+ 30.Kh1 Qxb2 31.Rh5 Qxc3 32.Bd3 g6 33.Rxh7 Qxd3 34.Rxd3
Kxh7 35.Qh4+ Kg7 36.Qe7+ Kg8 37.Rd4 1-0

[Event "14th EUR-ch"]
[Site "Legnica POL"]
[Date "2013.05.05"]
[Round "1"]
[White "Airapetian, Yury"]
[Black "Areschenko, Alexander"]
[Result "0-1"]
[WhiteElo "2498"]
[BlackElo "2709"]
[EventDate "2013.05.05"]
[PlyCount "78"]

1.d4 Nf6 2.c4 g6 3.Nc3 d5 4.Bg5 Ne4 5.Bh4 Nxc3 6.bxc3 dxc4 7.e3 Be6 8.Nf3 
Bg7 9.Be2 Nd7 10.Ng5 Bd5 11.e4 h6 12.exd5 hxg5 13.Bxg5 Nb6 14.Bxc4 Nxc4 
15.Qa4+ c6 16.Qxc4 cxd5 17.Qb5+ Qd7 18.Rb1 b6 19.Kd2 Rc8 20.h4 Rc6 21.Rh3 
O-O 22.Re1 e5 23.dxe5 d4 24.Rd3 dxc3+ 25.Kc2 Qc8 26.f4 Rc5 27.Qb3 Qc6 28.
Re2 Re8 29.g4 a5 30.a4 b5 31.axb5 Rxb5 32.Rxc3 Qb7 33.Qa2 Rb8 34.Qc4 Rb2+ 
35.Kd1 Qh1+ 36.Re1 Rb1+ 37.Rc1 Qf3+ 38.Re2 R8b2 39.Rxb1 Qf1+ 0-1

[Event "14th EUR-ch"]
[Site "Legnica POL"]
[Date "2013.05.05"]
[Round "1"]
[White "Akopian, Vladimir"]
[Black "Tratar, Marko"]
[Result "1/2-1/2"]
[WhiteElo "2705"]
[BlackElo "2498"]
[EventDate "2013.05.05"]
[PlyCount "81"]

1.Nf3 Nf6 2.g3 d5 3.Bg2 e6 4.O-O c5 5.c4 d4 6.e3 Nc6 7.exd4 cxd4 8.d3 Bd6 
9.Bg5 h6 10.Bxf6 Qxf6 11.Nbd2 Qd8 12.a3 a5 13.Qc2 O-O 14.c5 Bc7 15.Rab1 a4
16.Nc4 Qe7 17.Nb6 Bxb6 18.cxb6 Bd7 19.Rfc1 Rfc8 20.Qc5 Qxc5 21.Rxc5 Ra6 
22.b4 axb3 23.Rxb3 Kf8 24.Nd2 Na5 25.Rxc8+ Bxc8 26.Rb1 f5 27.f4 Ke7 28.h4 
Kd6 29.Rb5 Ke7 30.Rb2 Kd6 31.Rb5 Ke7 32.Rb2 Kd6 33.Rb4 Kc5 34.Nc4 Bd7 35.
Nxa5 Rxa5 36.Bxb7 Rb5 37.Rc4+ Kxb6 38.Rxd4 Kc7 39.Bf3 Rb3 40.a4 Ra3 41.Kf2
1/2-1/2

[Event "14th EUR-ch"]
[Site "Legnica POL"]
[Date "2013.05.05"]
[Round "1"]
[White "Eljanov, Pavel"]
[Black "Predke, Alexander"]
[Result "1-0"]
[WhiteElo "2702"]
[BlackElo "2494"]
[EventDate "2013.05.05"]
[PlyCount "79"]

1.Nf3 Nf6 2.c4 b6 3.g3 Bb7 4.Bg2 e6 5.O-O Be7 6.d4 O-O 7.Nc3 Ne4 8.Bd2 Bf6
9.Rc1 Nxc3 10.Bxc3 Be4 11.b4 d5 12.Qb3 Nc6 13.cxd5 Qxd5 14.Qxd5 Bxd5 15.e3
a5 16.bxa5 Nxa5 17.Bxa5 Rxa5 18.Rxc7 Rxa2 19.Rfc1 Rd8 20.Ne1 Bxg2 21.Kxg2 
e5 22.dxe5 Bxe5 23.Rb7 Rb2 24.Nf3 Bf6 25.g4 h6 26.h4 Rb4 27.Kh3 Rf8 28.Rc6
Bd8 29.Nd4 Rb2 30.Kg3 Rb1 31.h5 Rg1+ 32.Kf3 Rb1 33.Nf5 Rb5 34.Rd6 Re5 35.
Kg3 Rc5 36.Rdd7 Rc2 37.f4 Rc3 38.Kf3 Rb3 39.Nd4 Rd3 40.Ke2 1-0

[Event "14th EUR-ch"]
[Site "Legnica POL"]
[Date "2013.05.05"]
[Round "1"]
[White "Matinian, Nikita"]
[Black "Jobava, Baadur"]
[Result "0-1"]
[WhiteElo "2491"]
[BlackElo "2702"]
[EventDate "2013.05.05"]
[PlyCount "70"]

1.e4 c5 2.Nf3 Nc6 3.Bb5 e5 4.O-O Bd6 5.c3 Nge7 6.d4 cxd4 7.cxd4 exd4 8.
Nxd4 a6 9.Be2 O-O 10.Nc3 Be5 11.Be3 d5 12.Nxc6 bxc6 13.Bd4 Bd6 14.Bf3 Rb8 
15.Re1 c5 16.e5 Nc6 17.exd6 Nxd4 18.Bxd5 Qxd6 19.b3 a5 20.Rc1 h6 21.Qh5 
Ba6 22.Re3 Kh8 23.Ne4 Qd8 24.Bc4 Bxc4 25.Rxc4 f5 26.Nxc5 f4 27.Re4 Rf5 28.
Qg4 Rg5 29.Qd1 Nxb3 30.Qxd8+ Rxd8 31.h4 Rd1+ 32.Kh2 Rh5 33.Rxf4 Nxc5 34.g4
Rxh4+ 35.Kg3 g5 0-1

[Event "14th EUR-ch"]
[Site "Legnica POL"]
[Date "2013.05.05"]
[Round "1"]
[White "Wojtaszek, Radoslaw"]
[Black "Neverov, Valeriy"]
[Result "1/2-1/2"]
[WhiteElo "2701"]
[BlackElo "2489"]
[EventDate "2013.05.05"]
[PlyCount "99"]

1.d4 d5 2.c4 e6 3.Nc3 Be7 4.Bf4 Nf6 5.e3 O-O 6.a3 Nbd7 7.Nb5 Ne8 8.Nf3 
dxc4 9.Bxc4 Nd6 10.Qc2 a6 11.Nxd6 cxd6 12.Bd3 h6 13.O-O Nb6 14.e4 Bd7 15.
Qe2 Re8 16.b3 Bf8 17.Bd2 Nc8 18.a4 Ne7 19.h4 e5 20.dxe5 Ng6 21.h5 Nxe5 22.
Nxe5 dxe5 23.Bc4 Be6 24.Rac1 Rc8 25.Be3 Rc6 26.Rfd1 Qc7 27.Bxe6 Rexe6 28.
Rxc6 Rxc6 29.Qg4 Rd6 30.Rc1 Rc6 31.Re1 Bc5 32.Kh2 Bxe3 33.Rxe3 Rc3 34.Rxc3
Qxc3 35.Qd1 Qc6 36.Qd8+ Kh7 37.Qd5 Qf6 38.Kg1 b6 39.b4 Qe7 40.Qc4 a5 41.
bxa5 bxa5 42.Qd5 Qb4 43.Qxf7 Qxe4 44.Qa2 Qe1+ 45.Kh2 Qd1 46.f3 e4 47.Qe6 
e3 48.Qe4+ Kh8 49.Qe8+ Kh7 50.Qe4+ 1/2-1/2

[Event "14th EUR-ch"]
[Site "Legnica POL"]
[Date "2013.05.05"]
[Round "1"]
[White "Wagner, Dennis"]
[Black "Alexeev, Evgeny"]
[Result "0-1"]
[WhiteElo "2487"]
[BlackElo "2700"]
[EventDate "2013.05.05"]
[PlyCount "87"]

1.Nf3 c5 2.c4 Nc6 3.d4 cxd4 4.Nxd4 Qb6 5.Nb3 e6 6.Nc3 Nf6 7.e4 Bb4 8.Be3 
Qc7 9.f3 O-O 10.Be2 d5 11.O-O Rd8 12.Qc2 Qe7 13.cxd5 exd5 14.Bg5 Be6 15.
exd5 Bxd5 16.Nxd5 Rxd5 17.Bh4 Bd6 18.Bxf6 Qxf6 19.g3 Re8 20.Bc4 Rde5 21.
Rad1 Re3 22.f4 h5 23.Qd2 Bc7 24.Qd5 h4 25.g4 Rd8 26.Qg5 Rxd1 27.Rxd1 Qxg5 
28.fxg5 Re4 29.Bd5 Rxg4+ 30.Kh1 Rxg5 31.Bxf7+ Kxf7 32.Rd7+ Kf6 33.Rxc7 Rb5
34.Kg2 a5 35.Kf3 a4 36.Nd2 Rxb2 37.Ne4+ Ke5 38.Nc5 Kd6 39.Rxb7 Rxb7 40.
Nxb7+ Kd5 41.Kg4 Nb4 42.Kxh4 Nxa2 43.Kg5 a3 44.Na5 0-1

[Event "14th EUR-ch"]
[Site "Legnica POL"]
[Date "2013.05.05"]
[Round "1"]
[White "Cheparinov, Ivan"]
[Black "Matsenko, Sergei"]
[Result "1-0"]
[WhiteElo "2700"]
[BlackElo "2485"]
[EventDate "2013.05.05"]
[PlyCount "111"]

1.e4 c5 2.Nf3 Nc6 3.d4 cxd4 4.Nxd4 Qc7 5.Nc3 e6 6.Be3 a6 7.Qd2 Nf6 8.O-O-O
Nxd4 9.Qxd4 Ng4 10.Qb6 Qc6 11.Bd4 e5 12.Be3 Be7 13.Nd5 Bd8 14.Qb4 d6 15.
Rd3 Nxe3 16.Nxe3 Be7 17.Nd5 Be6 18.Rc3 Bxd5 19.Rxc6 Bxc6 20.Qe1 b5 21.Bd3 
O-O 22.g3 Bd8 23.f4 exf4 24.gxf4 Re8 25.Qc3 Rc8 26.Rg1 g6 27.Qd4 Bxe4 28.
Re1 d5 29.Bxe4 dxe4 30.Rxe4 Bc7 31.Qe3 Rxe4 32.Qxe4 Bd6 33.Kb1 Bf8 34.Qb7 
Re8 35.a4 bxa4 36.Qxa6 Re4 37.c4 a3 38.bxa3 Rxf4 39.a4 Kg7 40.a5 Rf5 41.
Qb6 Bc5 42.Qc6 Bg1 43.a6 Rf6 44.Qg2 Bf2 45.Qa8 h5 46.Kc2 h4 47.Kc3 h3 48.
Qb7 Rb6 49.Qc8 Rb1 50.Qxh3 Rc1+ 51.Kd3 Ra1 52.Qc8 Ra5 53.Kc3 Be1+ 54.Kb3 
Bf2 55.Qc6 g5 56.Qd6 1-0

[Event "14th EUR-ch"]
[Site "Legnica POL"]
[Date "2013.05.05"]
[Round "1"]
[White "Almasi, Zoltan"]
[Black "Pavlidis, Antonios"]
[Result "1-0"]
[WhiteElo "2695"]
[BlackElo "2479"]
[EventDate "2013.05.05"]
[PlyCount "63"]

1.e4 e5 2.Nf3 Nc6 3.Bb5 a6 4.Ba4 Nf6 5.O-O Be7 6.d3 b5 7.Bb3 d6 8.a4 Bd7 
9.c3 O-O 10.Bc2 d5 11.Re1 Be6 12.Nbd2 Qd7 13.exd5 Bxd5 14.axb5 axb5 15.
Rxa8 Rxa8 16.Nxe5 Nxe5 17.Rxe5 Ra1 18.Re1 Bd6 19.Qe2 Bf4 20.c4 Bb7 21.Nb3 
Qc6 22.f3 Rxc1 23.Nxc1 Qc5+ 24.d4 Qxd4+ 25.Kh1 g6 26.Nd3 bxc4 27.Nxf4 Qxf4
28.Qe3 Nd5 29.Qxf4 Nxf4 30.Be4 Ba6 31.Bc6 Ne6 32.Ra1 1-0

[Event "14th EUR-ch"]
[Site "Legnica POL"]
[Date "2013.05.05"]
[Round "1"]
[White "Danielian, Elina"]
[Black "Vallejo Pons, Francisco"]
[Result "0-1"]
[WhiteElo "2478"]
[BlackElo "2695"]
[EventDate "2013.05.05"]
[PlyCount "73"]

1.d4 e6 2.Nf3 Nf6 3.e3 b6 4.Bd3 Bb7 5.O-O d5 6.c4 dxc4 7.Bxc4 a6 8.b3 Nbd7
9.Bb2 Be7 10.a4 O-O 11.Qe2 c5 12.Rd1 Qb8 13.dxc5 Bxc5 14.Nbd2 Bd6 15.Rac1 
Rc8 16.h3 Ne5 17.Ng5 h6 18.Nxe6 b5 19.axb5 axb5 20.Bxb5 Rxc1 21.Rxc1 fxe6 
22.f4 Ng6 23.Bxf6 gxf6 24.Qg4 Kg7 25.Qxe6 Qd8 26.Ne4 Ba3 27.Ra1 Bd5 28.Qf5
Ra5 29.Ng3 Rxb5 30.Rxa3 Qe7 31.Nh5+ Kf7 32.Ra6 Bc6 33.Qxf6+ Qxf6 34.Nxf6 
Bb7 35.Rd6 Ke7 36.Ne8 Nf8 37.Nc7 0-1

[Event "14th EUR-ch"]
[Site "Legnica POL"]
[Date "2013.05.05"]
[Round "1"]
[White "Movsesian, Sergei"]
[Black "Cernousek, Lukas"]
[Result "1-0"]
[WhiteElo "2693"]
[BlackElo "2476"]
[EventDate "2013.05.05"]
[PlyCount "99"]

1.c4 Nf6 2.Nc3 d5 3.cxd5 Nxd5 4.g3 Nb6 5.Bg2 e5 6.Nf3 Nc6 7.O-O Be7 8.d3 
O-O 9.Be3 Be6 10.a3 f6 11.Rc1 Nd4 12.Bxd4 exd4 13.Ne4 Bd5 14.Qc2 f5 15.Nc5
Bf6 16.Ne1 Rb8 17.a4 a6 18.a5 Nc8 19.Qa4 c6 20.Bxd5+ Qxd5 21.Nf3 Rd8 22.e4
dxe3 23.fxe3 Be7 24.d4 Nd6 25.Ne5 Re8 26.Ncd3 Bg5 27.Rce1 Rbd8 28.h4 Bh6 
29.Kh2 g6 30.h5 Kg7 31.Re2 Ne4 32.Nf4 Bxf4 33.gxf4 Nf6 34.Qb4 Qb5 35.Qxb5 
axb5 36.hxg6 hxg6 37.Rg1 Rh8+ 38.Kg2 Rh6 39.Kf1 Ne4 40.Reg2 Rd6 41.Ke2 Re6
42.Ra1 c5 43.dxc5 Nxc5 44.Rc1 Ne4 45.Rc7+ Kf8 46.Rxb7 Rd6 47.Rd7 Rxd7 48.
Nxd7+ Ke7 49.Ne5 Kf6 50.Rxg6+ 1-0

[Event "14th EUR-ch"]
[Site "Legnica POL"]
[Date "2013.05.05"]
[Round "1"]
[White "Fodor, Tamas jr"]
[Black "Berkes, Ferenc"]
[Result "1/2-1/2"]
[WhiteElo "2475"]
[BlackElo "2688"]
[EventDate "2013.05.05"]
[PlyCount "63"]

1.d4 Nf6 2.c4 g6 3.Nc3 d5 4.cxd5 Nxd5 5.Bd2 Nb6 6.Bf4 Bg7 7.e3 O-O 8.Nf3 
Bg4 9.Be2 N8d7 10.O-O c6 11.Bg3 a5 12.Rc1 a4 13.h3 Bxf3 14.Bxf3 Ra7 15.d5 
cxd5 16.Nxd5 Ne5 17.Bxe5 Bxe5 18.b3 axb3 19.Qxb3 Nxd5 20.Bxd5 Qa5 21.Bxb7 
Qxa2 22.Qxa2 Rxa2 23.Rc8 h5 24.h4 Ra1 25.Rxf8+ Kxf8 26.Rxa1 Bxa1 27.g3 Bc3
28.Bc6 Bb4 29.Bb7 Bc3 30.Bc6 Bb4 31.Bb7 Bc3 32.Bc6 1/2-1/2

[Event "14th EUR-ch"]
[Site "Legnica POL"]
[Date "2013.05.05"]
[Round "1"]
[White "Grachev, Boris"]
[Black "Kanarek, Marcel"]
[Result "1-0"]
[WhiteElo "2687"]
[BlackElo "2474"]
[EventDate "2013.05.05"]
[PlyCount "111"]

1.c4 Nf6 2.Nf3 g6 3.g3 Bg7 4.Bg2 O-O 5.O-O d6 6.Nc3 Nc6 7.d4 Bg4 8.Be3 Qd7
9.Qd2 Bh3 10.d5 Na5 11.b3 Bxg2 12.Kxg2 c5 13.dxc6 Nxc6 14.Bh6 Rfc8 15.Bxg7
Kxg7 16.Rfd1 Qf5 17.h3 Ne4 18.Qe3 Nxc3 19.Qxc3+ Qf6 20.Qe3 a6 21.Rac1 Rd8 
22.Rd5 Rd7 23.Rcd1 Rad8 24.Qb6 Qb2 25.R1d2 Qa3 26.h4 e6 27.R5d3 Qb4 28.Qe3
Qa5 29.c5 d5 30.Ne5 Nxe5 31.Qxe5+ Kg8 32.Qd4 Rc8 33.b4 Qd8 34.e4 Rcc7 35.
a3 b6 36.cxb6 Rc6 37.Qe5 Rxb6 38.exd5 Rbd6 39.dxe6 Rxd3 40.exd7 Rxd7 41.
Re2 h5 42.Qe8+ Qxe8 43.Rxe8+ Kg7 44.Re5 Rd6 45.Ra5 Rf6 46.f4 Re6 47.Kf3 
Kf6 48.Rc5 Kg7 49.Re5 Rc6 50.Ke4 f6 51.Ra5 Rd6 52.Rd5 Rc6 53.Kd4 Kh6 54.a4
Re6 55.b5 axb5 56.axb5 1-0

[Event "14th EUR-ch"]
[Site "Legnica POL"]
[Date "2013.05.05"]
[Round "1"]
[White "Can, Emre"]
[Black "Laznicka, Viktor"]
[Result "1/2-1/2"]
[WhiteElo "2471"]
[BlackElo "2679"]
[EventDate "2013.05.05"]
[PlyCount "80"]

1.d4 d5 2.Nf3 Nf6 3.c4 c6 4.Nc3 e6 5.Bg5 Nbd7 6.e3 Qa5 7.cxd5 Nxd5 8.Qd2 
Bb4 9.Rc1 h6 10.Bh4 b6 11.a3 Bxc3 12.bxc3 c5 13.c4 Qxd2+ 14.Nxd2 Ne7 15.
Bd3 Bb7 16.f3 f5 17.O-O Kf7 18.Nb3 Bc6 19.Rb1 Ba4 20.Bg3 Rhd8 21.Bc7 Rdc8 
22.Bg3 Kf6 23.Nc1 e5 24.d5 b5 25.e4 Rab8 26.Na2 bxc4 27.Bxc4 Bc2 28.Rxb8 
Rxb8 29.Nc3 Nc8 30.Bb5 Rxb5 31.Nxb5 Bd3 32.Nc3 Bxf1 33.Kxf1 Nd6 34.Ke2 a6 
35.a4 g5 36.Bf2 h5 37.h3 g4 38.hxg4 hxg4 39.Bh4+ Kf7 40.Bd8 gxf3+ 1/2-1/2

[Event "14th EUR-ch"]
[Site "Legnica POL"]
[Date "2013.05.05"]
[Round "1"]
[White "Nisipeanu, Liviu-Dieter"]
[Black "Pacher, Milan"]
[Result "0-1"]
[WhiteElo "2679"]
[BlackElo "2470"]
[EventDate "2013.05.05"]
[PlyCount "54"]

1.e4 c5 2.c3 e6 3.d4 d5 4.e5 Qb6 5.Nf3 Bd7 6.Na3 cxd4 7.cxd4 Bxa3 8.bxa3 
Qa5+ 9.Bd2 Qxa3 10.Qb1 Bc6 11.Bb4 Qa4 12.Bd6 Ne7 13.Bd3 Nc8 14.O-O Nxd6 
15.exd6 Qa3 16.Ne5 Qxd6 17.Bxh7 Nd7 18.f4 Nxe5 19.fxe5 Qe7 20.Rxf7 Qh4 21.
Qg6 O-O-O 22.Qxe6+ Kb8 23.Rb1 Qxh7 24.Rb4 Qxh2+ 25.Kf1 Qh6 26.Qe7 Qh1+ 27.
Kf2 Qh4+ 0-1

[Event "14th EUR-ch"]
[Site "Legnica POL"]
[Date "2013.05.05"]
[Round "1"]
[White "Stachowiak, Kamil"]
[Black "Efimenko, Zahar"]
[Result "1/2-1/2"]
[WhiteElo "2468"]
[BlackElo "2677"]
[EventDate "2013.05.05"]
[PlyCount "81"]

1.d4 g6 2.Nf3 Bg7 3.g3 c5 4.d5 Nf6 5.Bg2 d6 6.c4 b5 7.cxb5 Qa5+ 8.Nfd2 
Qxb5 9.Nc3 Qb7 10.O-O O-O 11.Re1 Nbd7 12.h3 Rb8 13.Qc2 Qc7 14.b3 Ba6 15.
Bb2 Rfc8 16.Rec1 c4 17.Rab1 Ne5 18.Qd1 cxb3 19.axb3 Qb6 20.Na4 Qb4 21.Bc3 
Qb5 22.Bxe5 dxe5 23.Nc4 Ne8 24.e3 Qb4 25.Bf1 e4 26.Qe1 Qxe1 27.Rxe1 Bb7 
28.Red1 Rd8 29.Na5 Bxd5 30.Rbc1 Rd6 31.Nc5 Bf6 32.Nc4 Bxc4 33.Bxc4 Bb2 34.
Nxe4 Bxc1 35.Nxd6 Nxd6 36.Rxc1 Rb4 37.Ra1 Nxc4 38.bxc4 Rxc4 39.Rxa7 e6 40.
Kg2 h5 41.h4 1/2-1/2

[Event "14th EUR-ch"]
[Site "Legnica POL"]
[Date "2013.05.05"]
[Round "1"]
[White "Sutovsky, Emil"]
[Black "Antipov, Mikhail"]
[Result "1/2-1/2"]
[WhiteElo "2673"]
[BlackElo "2464"]
[EventDate "2013.05.05"]
[PlyCount "120"]

1.e4 c5 2.Nf3 d6 3.d4 cxd4 4.Nxd4 Nf6 5.Nc3 a6 6.Be3 e6 7.a4 Be7 8.a5 O-O 
9.Be2 d5 10.exd5 exd5 11.O-O Bb4 12.Nb3 Bxc3 13.Bb6 Qe8 14.bxc3 Ne4 15.Bf3
Qc6 16.Nd4 Qxc3 17.Ne2 Qc4 18.c3 Bd7 19.Nf4 Ng5 20.Nxd5 Nxf3+ 21.Qxf3 Nc6 
22.Bd4 Nxd4 23.cxd4 Qxd4 24.Rfd1 Qe5 25.Re1 Qg5 26.Rad1 Rae8 27.Rxe8 Rxe8 
28.h3 Bc6 29.Qg3 Qxg3 30.fxg3 f6 31.Nb4 Bb5 32.Rd6 Re1+ 33.Kh2 Rb1 34.Nc2 
Rb2 35.Nd4 Bf1 36.Rd8+ Kf7 37.Rd7+ Kg6 38.Ne6 Kh6 39.Nxg7 Bxg2 40.Re7 Bf1+
41.Kg1 Bxh3 42.Ne8 Rg2+ 43.Kh1 Rxg3 44.Kh2 Rb3 45.Nxf6 Bf5 46.Ne8 Kg5 47.
Nd6 Kf6 48.Rc7 h5 49.Nxb7 h4 50.Nd6 Rb2+ 51.Kg1 Bd3 52.Rc3 Be2 53.Rh3 Kg5 
54.Ne4+ Kg4 55.Nf2+ Kh5 56.Re3 Kg5 57.Kg2 Bb5 58.Re5+ Kg6 59.Rc5 Ra2 60.
Rc7 Ra4 1/2-1/2

[Event "14th EUR-ch"]
[Site "Legnica POL"]
[Date "2013.05.05"]
[Round "1"]
[White "Sargissian, Gabriel"]
[Black "Petenyi, Tamas"]
[Result "1-0"]
[WhiteElo "2667"]
[BlackElo "2455"]
[EventDate "2013.05.05"]
[PlyCount "131"]

1.d4 d6 2.Nf3 g6 3.c4 Bg7 4.Nc3 Bg4 5.e3 Nf6 6.h3 Bf5 7.g4 Bd7 8.e4 O-O 9.
Be3 Na6 10.Bg2 c5 11.O-O cxd4 12.Nxd4 Rc8 13.b3 Nc5 14.f4 e5 15.fxe5 dxe5 
16.Ndb5 Bxb5 17.Nxb5 Ne6 18.Nxa7 Ra8 19.Nb5 Qc8 20.Qf3 Nf4 21.Nc3 h5 22.
gxh5 N6xh5 23.a4 Qc6 24.Rad1 Rae8 25.Nd5 f5 26.exf5 e4 27.Qf2 Rxf5 28.Nxf4
Nxf4 29.Bxf4 g5 30.Rd5 Rxf4 31.Qg3 Rxf1+ 32.Bxf1 e3 33.Rxg5 Qf6 34.Be2 Qb2
35.Qf3 Re5 36.Rxe5 Bxe5 37.Kg2 Bc3 38.Qxe3 Qxb3 39.Qd3 Qb2 40.Kf3 Bg7 41.
Qd5+ Kf8 42.Qd6+ Kg8 43.Qd5+ Kf8 44.Bd3 Qf6+ 45.Bf5 Qd4 46.Be4 b6 47.Kg4 
Ke7 48.Kh5 Qf6 49.c5 Qh6+ 50.Kg4 bxc5 51.Qxc5+ Kd7 52.a5 Bf6 53.Bc6+ Ke6 
54.Bd5+ Kd7 55.Qc6+ Kd8 56.Qd6+ Ke8 57.Qe6+ Kd8 58.Qg8+ Ke7 59.Qf7+ Kd8 
60.Qg8+ Ke7 61.Qe6+ Kd8 62.Qb6+ Kd7 63.Qb7+ Kd8 64.Kf5 Qxh3+ 65.Kxf6 Qh6+ 
66.Kf5 1-0

[Event "14th EUR-ch"]
[Site "Legnica POL"]
[Date "2013.05.05"]
[Round "1"]
[White "Ragger, Markus"]
[Black "Fauland, Alexander"]
[Result "1-0"]
[WhiteElo "2666"]
[BlackElo "2449"]
[EventDate "2013.05.05"]
[PlyCount "85"]

1.d4 Nf6 2.c4 d6 3.Nf3 g6 4.Nc3 Bg7 5.e4 O-O 6.Be2 a6 7.O-O Bg4 8.Be3 Nfd7
9.Rc1 c5 10.d5 Bxf3 11.Bxf3 b5 12.Be2 b4 13.Na4 Nb6 14.Nxb6 Qxb6 15.Qd2 
Nd7 16.Bh6 Nf6 17.Bd3 Rae8 18.Bc2 e6 19.Rfe1 exd5 20.cxd5 Bxh6 21.Qxh6 Re5
22.Qh4 g5 23.Qg3 Qd8 24.Re3 Kh8 25.Qf3 Rg8 26.Qe2 a5 27.Rf1 Qe7 28.g3 Rg6 
29.Bd3 Rg8 30.b3 Rg6 31.Kh1 g4 32.Kg2 Rh6 33.f4 gxf3+ 34.Rexf3 Kg7 35.Rf4 
Reh5 36.h4 Qe5 37.Rf5 Rxf5 38.Rxf5 Qd4 39.Qf3 Qb2+ 40.Kh3 Qd2 41.g4 Qe1 
42.h5 Qc3 43.Kg2 1-0

[Event "14th EUR-ch"]
[Site "Legnica POL"]
[Date "2013.05.05"]
[Round "1"]
[White "Kjartansson, Gudmundur"]
[Black "Fedorchuk, Serhii"]
[Result "1-0"]
[WhiteElo "2446"]
[BlackElo "2660"]
[EventDate "2013.05.05"]
[PlyCount "69"]

1.g3 c5 2.c4 Nc6 3.Bg2 g6 4.Nf3 Bg7 5.Nc3 Nh6 6.d4 cxd4 7.Nxd4 Nxd4 8.Bxh6
Bxh6 9.Qxd4 O-O 10.h4 Bg7 11.Qd2 d6 12.h5 Be6 13.hxg6 hxg6 14.b3 Rb8 15.
Rc1 a6 16.Ne4 Bd7 17.Ng5 Bc6 18.Kf1 e6 19.Qf4 Qe7 20.Rd1 Rfd8 21.Bxc6 bxc6
22.Rd3 d5 23.Rf3 f5 24.Qh4 Kf8 25.g4 dxc4 26.gxf5 gxf5 27.e4 Rd1+ 28.Kg2 
Rxh1 29.Kxh1 cxb3 30.axb3 Rb5 31.Qh5 Qe8 32.Qh7 Qe7 33.Qg6 Kg8 34.Rh3 fxe4
35.Rh8+ 1-0

[Event "14th EUR-ch"]
[Site "Legnica POL"]
[Date "2013.05.05"]
[Round "1"]
[White "Zhigalko, Sergei"]
[Black "Sipila, Vilka"]
[Result "1-0"]
[WhiteElo "2660"]
[BlackElo "2445"]
[EventDate "2013.05.05"]
[PlyCount "113"]

1.e4 c5 2.Nf3 e6 3.c3 d5 4.exd5 exd5 5.d4 Nf6 6.Bb5+ Bd7 7.Bxd7+ Nbxd7 8.
O-O Be7 9.Qb3 Rb8 10.Bf4 c4 11.Qa4 Ra8 12.Re1 O-O 13.Nbd2 Nh5 14.Bc7 Qxc7 
15.Rxe7 Nc5 16.Rxc7 Nxa4 17.Rxb7 Rfb8 18.Rxb8+ Rxb8 19.b3 Nxc3 20.bxc4 
dxc4 21.Nxc4 Rb4 22.Nce5 Ra4 23.Nc6 Nf4 24.g3 Nfd5 25.Re1 Kf8 26.Nfe5 Nb6 
27.Nd8 f6 28.Nec6 Nbd5 29.Re6 Rxa2 30.Rd6 Ne7 31.Ne6+ Kf7 32.Ncd8+ Kg8 33.
Rd7 Ncd5 34.Nc7 Ra5 35.Kg2 h5 36.Nb7 Nxc7 37.Nxa5 Ned5 38.Nc6 Kf8 39.Rd8+ 
Kf7 40.Nxa7 Nb6 41.Rd6 Nbd5 42.Rd7+ Kf8 43.Kf3 g6 44.Nb5 Nxb5 45.Rxd5 Nc7 
46.Rd7 Ne6 47.d5 Ng5+ 48.Ke3 Nh3 49.f4 g5 50.d6 h4 51.Re7 g4 52.Re4 Ng1 
53.d7 Nf3 54.d8=Q+ Kf7 55.Re7+ Kg6 56.Qg8+ Kf5 57.Qh7# 1-0

[Event "14th EUR-ch"]
[Site "Legnica POL"]
[Date "2013.05.05"]
[Round "1"]
[White "Aghasarian, Robert"]
[Black "Georgiev, Kiril"]
[Result "1/2-1/2"]
[WhiteElo "2445"]
[BlackElo "2657"]
[EventDate "2013.05.05"]
[PlyCount "70"]

1.d4 Nf6 2.c4 e6 3.Nc3 Bb4 4.f3 d5 5.a3 Bxc3+ 6.bxc3 c5 7.cxd5 Nxd5 8.dxc5
Qa5 9.e4 Ne7 10.Be3 O-O 11.Qb3 Qc7 12.Bb5 Bd7 13.Ne2 Bxb5 14.Qxb5 Nd7 15.
Rb1 Rab8 16.O-O a6 17.Qc4 Rfc8 18.Rfd1 Ng6 19.Qd4 Nxc5 20.Qxc5 Qxc5 21.
Bxc5 Rxc5 22.Rd7 b5 23.Ra7 Rc6 24.a4 h6 25.axb5 axb5 26.Ra3 Rc5 27.Rab3 
Ra8 28.Rxb5 Rxb5 29.Rxb5 Ra2 30.Kf1 Nh4 31.Rb8+ Kh7 32.Rb7 Kg8 33.Rb8+ Kh7
34.Rb7 Kg8 35.Rb8+ Kh7 1/2-1/2

[Event "14th EUR-ch"]
[Site "Legnica POL"]
[Date "2013.05.05"]
[Round "1"]
[White "Mammadov, Zaur"]
[Black "Ivanisevic, Ivan"]
[Result "0-1"]
[WhiteElo "2442"]
[BlackElo "2655"]
[EventDate "2013.05.05"]
[PlyCount "117"]

1.e4 e5 2.Nf3 Nc6 3.Bb5 f5 4.d3 fxe4 5.dxe4 Nf6 6.Be3 d6 7.Qd3 a6 8.Bxc6+ 
bxc6 9.Nc3 Be6 10.O-O-O Be7 11.Ng5 Bg8 12.Nh3 Ng4 13.Bd2 Be6 14.f4 exf4 
15.Nxf4 Ne5 16.Qg3 Bg4 17.Rdf1 Bh4 18.Qe3 O-O 19.Nce2 Nc4 20.Qd3 Nxd2 21.
Qxd2 Bg5 22.g3 Qf6 23.h3 Bd7 24.h4 Bh6 25.Kb1 Rab8 26.Qc3 Qxc3 27.Nxc3 Bg4
28.Rhg1 g6 29.Nd3 Be3 30.Rxf8+ Rxf8 31.Re1 Bd2 32.Rg1 a5 33.e5 d5 34.Nd1 
h5 35.a3 Rf3 36.Rg2 Bh6 37.N1f2 Bc8 38.g4 Kh7 39.gxh5 gxh5 40.Nc5 Be3 41.
Nfd3 Bg4 42.e6 Bd4 43.Nb3 Bb6 44.Nbc5 Re3 45.Rf2 Bxe6 46.Rf6 Bg4 47.Rxc6 
Rh3 48.Ne6 Bxe6 49.Rxe6 Rxh4 50.Re5 Kh6 51.Rxd5 Re4 52.b4 axb4 53.Nxb4 h4 
54.Rd8 Bd4 55.Nc6 Bf6 56.Rd3 Kg5 57.Nb4 c5 58.Nd5 Re1+ 59.Ka2 0-1

[Event "14th EUR-ch"]
[Site "Legnica POL"]
[Date "2013.05.05"]
[Round "1"]
[White "Svane, Rasmus"]
[Black "Zviagintsev, Vadim"]
[Result "1/2-1/2"]
[WhiteElo "2440"]
[BlackElo "2655"]
[EventDate "2013.05.05"]
[PlyCount "60"]

1.d4 e6 2.c4 d5 3.Nc3 Be7 4.Bf4 Nf6 5.e3 O-O 6.a3 c5 7.dxc5 Bxc5 8.Nf3 Nc6
9.Qc2 Re8 10.cxd5 exd5 11.Be2 Be6 12.O-O Rc8 13.Rfd1 h6 14.Rac1 Bf8 15.Ne5
Bd6 16.Nxc6 bxc6 17.Bxd6 Qxd6 18.b4 Bg4 19.h3 Bxe2 20.Nxe2 a5 21.Qc5 Ne4 
22.Qxd6 Nxd6 23.Rc5 Nb7 24.Rc3 axb4 25.axb4 Nd6 26.Rc5 Nb7 27.Rcc1 Nd6 28.
Rc5 Nb7 29.Rcc1 Nd6 30.Rc5 Nb7 1/2-1/2

[Event "14th EUR-ch"]
[Site "Legnica POL"]
[Date "2013.05.05"]
[Round "1"]
[White "Siugirov, Sanan"]
[Black "Meribanov, Vitaly"]
[Result "1-0"]
[WhiteElo "2654"]
[BlackElo "2431"]
[EventDate "2013.05.05"]
[PlyCount "55"]

1.d4 Nf6 2.c4 e6 3.Nf3 b6 4.g3 Ba6 5.Qc2 c5 6.d5 exd5 7.cxd5 d6 8.Nc3 g6 
9.Bh3 b5 10.Qb3 Bg7 11.Nxb5 Qa5+ 12.Nc3 O-O 13.O-O Nbd7 14.Bf4 Rab8 15.Qc2
Qc7 16.Rfe1 Nb6 17.Rad1 Nc4 18.b3 Na3 19.Qc1 Nb5 20.Nxb5 Rxb5 21.e4 Nd7 
22.Bh6 Re8 23.Bxg7 Kxg7 24.Qc3+ Kg8 25.e5 dxe5 26.d6 Qc6 27.Bxd7 Qxd7 28.
Nxe5 1-0

[Event "14th EUR-ch"]
[Site "Legnica POL"]
[Date "2013.05.05"]
[Round "1"]
[White "Perunovic, Miodrag"]
[Black "Gajewski, Grzegorz"]
[Result "0-1"]
[WhiteElo "2430"]
[BlackElo "2653"]
[EventDate "2013.05.05"]
[PlyCount "70"]

1.e4 c5 2.Nf3 e6 3.d4 cxd4 4.Nxd4 a6 5.c4 Nf6 6.Nc3 Bb4 7.Bd3 e5 8.Ne2 d6 
9.O-O h6 10.Nd5 Bc5 11.b4 Ba7 12.Be3 Nxd5 13.exd5 Bxe3 14.fxe3 a5 15.Ng3 
axb4 16.Qh5 O-O 17.Nf5 Bxf5 18.Rxf5 Qe7 19.Raf1 Ra3 20.Bb1 Rxe3 21.h4 e4 
22.c5 dxc5 23.Re5 Qd6 24.Bxe4 g6 25.Qxh6 Qxe5 26.Bxg6 Qg7 27.Bh7+ Qxh7 28.
Qxe3 Nd7 29.Qe7 f6 30.Qe6+ Qf7 31.Qf5 Ne5 32.d6 Qd7 33.Qf4 Qxd6 34.Qg3+ 
Kh7 35.Rf5 Qd1+ 0-1

[Event "14th EUR-ch"]
[Site "Legnica POL"]
[Date "2013.05.05"]
[Round "1"]
[White "Skytte, Rasmus"]
[Black "Safarli, Eltaj"]
[Result "1/2-1/2"]
[WhiteElo "2426"]
[BlackElo "2651"]
[EventDate "2013.05.05"]
[PlyCount "81"]

1.d4 Nf6 2.c4 g6 3.Nc3 d5 4.e3 Bg7 5.Qb3 dxc4 6.Bxc4 O-O 7.Nf3 c5 8.dxc5 
Nbd7 9.Qa3 Qc7 10.b4 b6 11.Nb5 Qb7 12.Bb2 a5 13.c6 Qxc6 14.Rc1 axb4 15.
Qxb4 Nc5 16.O-O Bb7 17.Nbd4 Qc7 18.Nb5 Qc8 19.Nbd4 Ra4 20.Qd2 Nfe4 21.Qe2 
Nd6 22.Bb3 Ra7 23.Nb5 Nxb5 24.Bxg7 Kxg7 25.Qxb5 Bxf3 26.gxf3 Qb8 27.Rfd1 
Ra5 28.Qc4 Nxb3 29.axb3 Rg5+ 30.Kh1 Rf5 31.Qd4+ e5 32.Qe4 Rd8 33.Rd5 Rxd5 
34.Qxd5 Qa7 35.e4 Rh5 36.Qd8 b5 37.Rc8 Rxh2+ 38.Kxh2 Qxf2+ 39.Kh1 Qf1+ 40.
Kh2 Qf2+ 41.Kh1 1/2-1/2